[Event "Vaujany"]
[Site "?"]
[Date "2015.07.15"]
[Round "7.1"]
[White "Moradiabadi, Elshan"]
[Black "Foisor, Cristina-Adela"]
[Result "1-0"]
[WhiteElo "2567"]
[BlackElo "2366"]
[PlyCount "97"]
[SourceDate "2015.07.09"]

1. d4 d6 2. Nf3 g6 3. c4 Bg7 4. Nc3 Nd7 5. e4 e5 6. Be2 Nh6 7. h4 f6 8. h5 g5
9. Be3 O-O 10. dxe5 dxe5 11. Qc2 c6 12. O-O-O Qe7 13. Nd2 Nc5 14. Nb3 Nxb3+ 15.
Qxb3 Be6 16. Qa4 Rfc8 17. Kb1 Ng4 18. Bxg4 Bxg4 19. Rd2 Bf8 20. c5 Qf7 21. f3
Be6 22. g4 b6 {Diagramme #} 23. Rc1 bxc5 24. Qa5 Qc7 25. Qxc7 Rxc7 26. Na4 c4
27. Bc5 Kf7 28. Bxf8 Rxf8 29. Nc5 Ke7 30. Nxe6 Kxe6 31. Rxc4 Rb8 32. Rc3 Ke7
33. Kc2 h6 34. Rb3 Rb6 35. Kc3 Rcb7 36. Ra3 Rb5 37. Ra4 a5 38. Rc4 Rd7 39.
Rxd7+ Kxd7 40. a4 Rb6 41. b4 Ra6 42. b5 cxb5 43. axb5 Ra7 44. Kb3 Rc7 45. Ra4
Ra7 46. Ra3 Kc8 47. Ka4 Rc7 48. Kxa5 Kb7 49. Rd3 1-0

[Event "Vaujany"]
[Site "?"]
[Date "2015.07.15"]
[Round "7.2"]
[White "Gavrilov, Alexei"]
[Black "Cornette, Matthieu"]
[Result "1/2-1/2"]
[WhiteElo "2411"]
[BlackElo "2582"]
[PlyCount "110"]
[SourceDate "2015.07.09"]

1. d4 Nf6 2. c4 g6 3. Nc3 Bg7 4. e4 d6 5. Nf3 O-O 6. Be2 Nbd7 7. O-O e5 8. Be3
Qe7 9. d5 c5 10. Ne1 Ne8 11. Nd3 f5 12. f3 Nb6 13. Nf2 Bf6 14. a3 Bg5 15. Bxg5
Qxg5 16. b4 Nd7 17. exf5 gxf5 18. Qc1 Qg6 19. f4 a5 20. bxc5 Nxc5 21. Qe3 e4
22. Nb5 Bd7 23. Nd4 Kh8 24. Kh1 Rg8 25. Rg1 Nf6 26. Rab1 a4 27. Rb6 Ra6 28.
Rxa6 bxa6 29. Qc3 Qg7 30. Nd1 {Diagramme #} e3 31. Bf3 Re8 32. Re1 Nfe4 33.
Bxe4 Rxe4 34. Ne2 Qxc3 35. Nexc3 Rxc4 36. g3 Be8 37. Rxe3 Bh5 38. Nf2 Rd4 39.
Kg2 Bf7 40. Re7 Kg8 41. Kf3 Rd2 42. h3 Rb2 43. Ke3 Kf8 44. Ra7 Rb3 45. Kd4 Rxa3
46. Nd3 Nxd3 47. Kxd3 Ra1 48. Rxa6 a3 49. g4 Rh1 50. gxf5 Rxh3+ 51. Kd4 Rf3 52.
Rxa3 Rxf4+ 53. Ne4 Rxf5 54. Ra8+ Kg7 55. Ra5 Rxd5+ 1/2-1/2

[Event "Vaujany"]
[Site "?"]
[Date "2015.07.15"]
[Round "7.3"]
[White "Nevednichy, Vladislav"]
[Black "Filip, Lucian"]
[Result "1/2-1/2"]
[WhiteElo "2558"]
[BlackElo "2419"]
[PlyCount "123"]
[SourceDate "2015.07.09"]

1. e4 c5 2. Nf3 Nc6 3. Bb5 Nf6 4. Nc3 Qc7 5. O-O Nd4 6. Re1 a6 7. Bf1 Ng4 8. g3
Nxf3+ 9. Qxf3 Ne5 10. Qe2 e6 11. d3 d6 12. f4 Nc6 13. Nd1 g6 14. c3 Bg7 15. Ne3
O-O 16. g4 b5 17. a3 Bb7 18. Bg2 Rae8 19. g5 f5 20. gxf6 Rxf6 21. Ng4 Rff8 22.
Rf1 Kh8 23. Be3 Qe7 24. Rae1 a5 25. Bd2 (25. e5 d5 26. Qf2 d4 27. cxd4 cxd4 28.
Bxd4 Nxd4) 25... Qc7 26. Qf2 Ne7 27. h3 Rf7 28. Qh4 Ng8 29. Nh2 Qe7 30. Qg3 Nf6
31. Nf3 Nh5 32. Qg4 Bh6 33. Ng5 Bxg5 34. fxg5 e5 35. Rxf7 Qxf7 36. Rf1 Qe7 37.
Qf3 (37. Qd1 a4) 37... Kg7 38. Be3 Rf8 39. Qxf8+ Qxf8 40. Rxf8 Kxf8 41. h4 Ke7
42. Kf2 Ng7 43. d4 Ne6 44. d5 Nc7 45. Bh3 Kd8 46. b4 axb4 47. axb4 cxb4 48.
cxb4 Bc8 49. Bf1 Bd7 50. Bb6 Kc8 51. Be2 Ne8 52. h5 Nc7 53. h6 Kb7 54. Ba5 Kc8
55. Bh5 Be8 56. Bg4+ Kb7 57. Ke3 Na8 58. Bd8 Nb6 59. Be6 Nc8 60. Kd3 Kb8 61.
Bg8 Kb7 62. Kc3 1/2-1/2

[Event "Vaujany"]
[Site "?"]
[Date "2015.07.15"]
[Round "7.4"]
[White "Libiszewski, Fabien"]
[Black "Gazik, Igor"]
[Result "1-0"]
[WhiteElo "2543"]
[BlackElo "2327"]
[PlyCount "73"]
[SourceDate "2015.07.09"]

1. e4 Nf6 2. e5 Nd5 3. d4 d6 4. c4 Nb6 5. exd6 exd6 6. Nc3 Nc6 7. Be3 Be7 8.
Bd3 O-O 9. b3 Bf6 10. Nge2 Bg4 11. O-O Nxd4 12. Bxd4 Bxd4 13. Bxh7+ Kxh7 14.
Qxd4 Bxe2 15. Nxe2 Re8 16. Rad1 Kg8 17. Ng3 Nd7 18. Qg4 Ne5 19. Qf4 Qc8 20. Nf5
Ng6 21. Qg4 Re5 22. Rd5 Qe6 23. h4 Qf6 24. h5 {Diagramme #} Ne7 25. Rxe5 Qxe5
26. Nxe7+ Qxe7 27. h6 g6 28. Qd4 Qe5 29. Qxe5 dxe5 30. Rd1 Rc8 31. Rd7 Kf8 32.
f3 a5 (32... Ke8 33. Rxc7 $1 Rxc7 34. h7 $18) 33. Kf2 b6 34. Ke3 Kg8 35. g4 c5
36. g5 f5 37. Rg7+ 1-0

[Event "Vaujany"]
[Site "?"]
[Date "2015.07.15"]
[Round "7.5"]
[White "Foisor, Ovidiu"]
[Black "Horvath, Jozsef"]
[Result "0-1"]
[WhiteElo "2374"]
[BlackElo "2535"]
[PlyCount "80"]
[SourceDate "2015.07.09"]

1. d4 e6 2. c4 Bb4+ 3. Bd2 a5 4. Nc3 Nf6 5. Qc2 d6 6. Nf3 Nc6 7. a3 Bxc3 8.
Bxc3 Qe7 9. g3 O-O 10. Bg2 e5 11. d5 Nd8 12. O-O a4 13. e4 Nd7 14. Nd2 Nc5 15.
f4 f6 16. f5 Bd7 17. Rf2 b6 18. h4 Ndb7 19. Re1 Na5 20. Bf1 Nab3 21. Nf3 g5 22.
g4 Rf7 23. Rh2 Rg7 24. hxg5 fxg5 25. Rh5 Rf8 26. Qh2 Be8 27. Rh6 Nd7 28. Bd3
Nbc5 29. Bc2 Rf6 30. Kg2 Rxh6 31. Qxh6 Nf6 32. Kg3 Kh8 33. Bd2 Ng8 {Diagramme #
} 34. f6 Nxh6 35. fxe7 Nf7 36. Rf1 h6 37. Ne1 Kh7 38. Rf6 Nh8 39. Nf3 Rf7 40.
Rf5 Rxe7 0-1

[Event "Vaujany"]
[Site "?"]
[Date "2015.07.15"]
[Round "7.6"]
[White "Daulyte, Deimante"]
[Black "Gazik, Viktor"]
[Result "1-0"]
[WhiteElo "2369"]
[BlackElo "2434"]
[PlyCount "139"]
[SourceDate "2015.07.09"]

1. e4 c5 2. Nf3 d6 3. Bb5+ Nd7 4. c3 Ngf6 5. Qe2 Qc7 6. O-O a6 7. Ba4 e5 8. d4
Be7 9. Bc2 O-O 10. a4 b6 11. d5 Ne8 12. h3 Kh8 13. Rd1 g6 14. Bh6 Ng7 15. g4
Nf6 16. Nbd2 Ng8 17. Bxg7+ Kxg7 18. Nf1 h5 19. Ne3 hxg4 20. hxg4 Nh6 21. g5 Ng4
{Diagramme #} 22. Nf5+ gxf5 23. exf5 Rh8 24. Qe4 Nf6 25. gxf6+ Bxf6 26. Kf1 Kf8
27. Ke2 Ke7 28. Rh1 Bd7 29. Rxh8 Rxh8 30. Qg4 Qb7 31. Qe4 b5 32. a5 b4 33. c4
b3 34. Bd3 Qb4 35. Ra3 Rh1 36. Nd2 Bg5 37. Nf1 Bc1 38. Qxh1 Bxb2 39. Qh8 Bxf5
40. Rxb3 Bg4+ 41. f3 Bxf3+ 42. Kxf3 Qxb3 43. Qh4+ Ke8 44. Qh8+ Ke7 45. Qh7 Qd1+
46. Be2 Qd4 47. Ng3 Qf4+ 48. Kg2 Bd4 49. Bh5 Kf8 50. Qf5 Bc3 51. Qc8+ Kg7 52.
Qd7 Kg8 53. Bg4 Qd2+ 54. Kh3 Qh6+ 55. Bh5 Qf4 56. Qxd6 Be1 57. Qd8+ Kg7 58. Qh4
Qxh4+ 59. Kxh4 f5 60. Kh3 Kf6 61. Be8 Bxa5 62. Bd7 e4 63. Bxf5 Ke5 64. Bc8 Kd4
65. Bxa6 Kd3 66. Kg4 Bc7 67. Nf5 Be5 68. Kg5 Ke2 69. d6 Kf3 70. Bb7 1-0

[Event "Vaujany"]
[Site "?"]
[Date "2015.07.15"]
[Round "7.7"]
[White "Brunner, Nicolas"]
[Black "Van Foreest, Lucas"]
[Result "0-1"]
[WhiteElo "2425"]
[BlackElo "2294"]
[PlyCount "54"]
[SourceDate "2015.07.09"]

1. d4 Nf6 2. c4 e6 3. Nc3 Bb4 4. Nf3 b6 5. Bg5 Bb7 6. Nd2 h6 7. Bh4 c5 8. d5
exd5 9. cxd5 O-O 10. e4 Re8 11. Bd3 {Diagramme #} Nxe4 12. O-O Qxh4 13. Ndxe4
Bxc3 14. g3 Qh3 15. Nxc3 d6 16. Nb5 Re5 17. Nc7 Nd7 18. Nxa8 Rxd5 19. f3 Ne5
20. Bh7+ Kxh7 21. Qc2+ f5 22. Nc7 Rd3 23. Rae1 Nxf3+ 24. Rxf3 Rxf3 25. Qd2
Rxg3+ 26. hxg3 Qh1+ 27. Kf2 Qg2+ 0-1

[Event "Vaujany"]
[Site "?"]
[Date "2015.07.15"]
[Round "7.9"]
[White "Olivier, Jean-Christophe"]
[Black "Skomorokhin, Romain"]
[Result "1-0"]
[WhiteElo "2348"]
[BlackElo "2381"]
[PlyCount "127"]
[SourceDate "2015.07.09"]

1. e4 e6 2. d4 d5 3. Nc3 Bb4 4. e5 c5 5. a3 Bxc3+ 6. bxc3 Ne7 7. a4 Qc7 8. Nf3
h6 9. Bd3 b6 10. O-O Ba6 11. a5 Bxd3 12. cxd3 Qc6 13. dxc5 bxc5 14. d4 O-O 15.
dxc5 Na6 16. Ra4 Nxc5 17. Rg4 Nf5 18. Nd4 Qa6 19. Qf3 Qd3 {Diagramme #} 20.
Nxf5 exf5 21. Qxd3 Nxd3 22. Rd4 Nxe5 23. Rxd5 Rfe8 24. Be3 a6 25. Bd4 Nc6 26.
Bb6 g6 27. Rfd1 Rac8 28. Kf1 Ne5 29. Re1 Nc4 30. Rxe8+ Rxe8 31. Rd4 Rc8 32. Ke2
Kf8 33. Kd3 Ne5+ 34. Kc2 Ke7 35. Rb4 Kd7 36. Rd4+ Kc6 37. Bd8 Ng4 38. Rc4+ Kd7
39. Rxc8 Kxc8 40. Bb6 Ne5 41. Kb3 Kd7 42. f4 Ng4 43. h3 Nf6 44. Kc4 Kc6 45. Be3
Ne4 46. Bb6 Nd6+ 47. Kd4 Kb5 48. Bc7 Nc4 49. g3 h5 50. h4 Nd2 51. Kd5 Nc4 52.
Kd4 Nd2 53. Kd5 Nc4 54. Bd8 Ne3+ 55. Ke5 Kc4 56. Kf6 Nf1 57. Kxf7 Kxc3 58. Kxg6
Nxg3 59. Bb6 Kd3 60. Bf2 Ne4 61. Be1 Nd6 62. Bb4 Ne4 63. Kxf5 Ng3+ 64. Ke5 1-0

[Event "Vaujany"]
[Site "?"]
[Date "2015.07.15"]
[Round "7.10"]
[White "Van Foreest, Jorden"]
[Black "Navrotescu, Catalin"]
[Result "1-0"]
[WhiteElo "2514"]
[BlackElo "2407"]
[PlyCount "47"]
[SourceDate "2015.07.09"]

1. e4 e6 2. d4 d5 3. Nc3 Bb4 4. e5 c5 5. a3 Bxc3+ 6. bxc3 Nc6 7. Qg4 Nge7 8.
Bd3 Qa5 9. Bd2 c4 10. Be2 O-O 11. Nf3 f5 12. Qg3 Bd7 13. h4 Nd8 14. h5 Ba4 15.
Bd1 b5 16. Nh4 Qc7 17. Bg5 Ndc6 18. h6 g6 19. f4 Rf7 20. Bf6 Raf8 21. Bg7 Rxg7
22. hxg7 Kxg7 23. Nf3 h6 24. Rxh6 1-0

[Event "Vaujany"]
[Site "?"]
[Date "2015.07.15"]
[Round "7.11"]
[White "Geenen, Marc"]
[Black "Dumitrache, Dragos-Nicolae"]
[Result "1/2-1/2"]
[WhiteElo "2231"]
[BlackElo "2423"]
[PlyCount "71"]
[SourceDate "2015.07.09"]

1. e4 d6 2. Nc3 c5 3. Nge2 Nf6 4. d4 cxd4 5. Nxd4 e6 6. f4 Nc6 7. Be3 Bd7 8.
Qf3 Nxd4 9. Bxd4 Bc6 10. O-O-O Qa5 11. g4 h6 12. h4 O-O-O 13. g5 Nd7 14. Bh3
Kb8 15. g6 e5 16. fxe5 dxe5 17. Qg3 f6 18. Bf2 Bc5 19. a3 Bxf2 20. Qxf2 Nc5 21.
Bf5 Na4 22. Nxa4 Qxa4 23. Qe2 Kc7 24. Rxd8 Rxd8 25. Rd1 Rd4 26. Rxd4 Qxd4 27.
c3 Qg1+ 28. Kc2 a5 29. Qc4 Kb6 30. b3 {(=)} Qf2+ 31. Kc1 h5 32. Qg8 Ka7 33.
Qxg7 Bb5 34. c4 Qf1+ 35. Kc2 Qf2+ 36. Kd3 1/2-1/2

[Event "Vaujany"]
[Site "?"]
[Date "2015.07.15"]
[Round "7.12"]
[White "Di Nicolantonio, Lucas"]
[Black "Poulet, Pierre-Emmanuel"]
[Result "0-1"]
[WhiteElo "2421"]
[BlackElo "2299"]
[PlyCount "60"]
[SourceDate "2015.07.09"]

1. d4 d5 2. c4 c6 3. Nc3 Nf6 4. e3 e6 5. Nf3 Nbd7 6. Bd3 dxc4 7. Bxc4 b5 8. Bd3
Bb7 9. O-O b4 10. Na4 c5 11. dxc5 Bxc5 12. Nxc5 Nxc5 13. Bb5+ Ke7 14. Qe2 Qb6
15. Bd2 a5 16. Rfd1 Rhd8 17. Be1 Nfe4 18. a3 Nd6 19. axb4 Nb3 20. Rxd6 Qxd6 21.
Ra3 Qd1 22. Qxd1 Rxd1 23. Kf1 axb4 24. Rxa8 Bxa8 25. Ba4 Bd5 26. Ke2 Rb1 27.
Bxb4+ Kd8 28. Kd3 Nc1+ 29. Kd4 Rxb2 30. Kc3 Rxf2 0-1

[Event "Vaujany"]
[Site "?"]
[Date "2015.07.15"]
[Round "7.13"]
[White "Navrotescu, Andreea-Cristiana"]
[Black "Gautier, Selvan"]
[Result "1-0"]
[WhiteElo "2247"]
[BlackElo "2099"]
[PlyCount "129"]
[SourceDate "2015.07.09"]

1. d4 g6 2. c4 Bg7 3. e4 d6 4. Nc3 e5 5. d5 f5 6. exf5 gxf5 7. Nge2 Nf6 8. f4
O-O 9. Ng3 Na6 10. Be2 Nc5 11. O-O Nfe4 12. Ncxe4 Nxe4 13. Nh5 Rf7 14. Nxg7
Rxg7 15. fxe5 dxe5 16. Bd3 Qh4 17. Qe2 Qg4 18. Qxg4 Rxg4 19. b4 a5 20. Be2 Rg7
21. b5 Bd7 22. Bb2 Re8 23. Bh5 Ree7 24. Ba3 b6 25. Bxe7 Rxe7 26. Rfd1 Nd6 27.
Rac1 e4 28. Be2 Nb7 29. g3 Kg7 30. Kf2 Kf6 31. Ke3 Ke5 32. Rf1 Rf7 33. Rf4 Rg7
34. Rh4 Be8 35. Rh6 Bg6 36. Bh5 Nc5 37. Rf1 Nb7 38. Bxg6 hxg6 39. h4 Nd6 40. h5
Nxc4+ 41. Ke2 gxh5 42. Rxh5 Nd6 43. Rg1 Rg4 44. a4 Kxd5 45. Rh7 f4 46. Rd1+ Ke6
47. gxf4 Nf5 48. Rxc7 Rg2+ 49. Ke1 e3 50. Rc6+ Ke7 51. Rd5 Rg1+ 52. Ke2 Rg2+
53. Kf1 Rf2+ 54. Ke1 Rxf4 55. Re5+ Kf7 56. Rxb6 Nd4 57. Rc5 Ne6 58. Rcc6 Nd8
59. Rc7+ Kf8 60. Ke2 Rxa4 61. Kxe3 Ra3+ 62. Kd4 Rh3 63. Rb8 Ke8 64. Rcc8 Rh4+
65. Kc5 1-0

[Event "Vaujany"]
[Site "?"]
[Date "2015.07.15"]
[Round "7.14"]
[White "Gazik, Renata"]
[Black "Ravot, Sylvain"]
[Result "0-1"]
[WhiteElo "2040"]
[BlackElo "2238"]
[PlyCount "86"]
[SourceDate "2015.07.09"]

1. d4 Nf6 2. Bg5 g6 3. Bxf6 exf6 4. e3 f5 5. g3 Bg7 6. c4 O-O 7. Bg2 d6 8. Nc3
c6 9. Nge2 Nd7 10. b4 Nb6 11. b5 c5 12. Qd3 Be6 13. d5 Bc8 14. O-O Nd7 15. Nf4
Qa5 16. Rfc1 a6 17. Rab1 Bxc3 18. Rxc3 axb5 19. Rxb5 Qxa2 20. Bf1 Ne5 21. Qb1
Qxb1 22. Rxb1 Ra2 23. Nd3 Nf3+ 24. Kg2 Nd2 25. Rb2 Rxb2 26. Nxb2 Bd7 27. Be2
Ra8 28. Rd3 Ne4 29. Rb3 Bc8 30. Bd3 Kf8 31. h3 Ke7 32. Bc2 Ra2 33. Rb6 Nd2 34.
Bd1 Kd7 35. Rb5 Kc7 36. Na4 Nxc4 37. Bb3 Nxe3+ 38. Kf3 Ra3 39. fxe3 Bd7 40. Nc3
c4 41. Rb4 Rxb3 42. Rxc4+ Kd8 43. h4 b5 0-1

[Event "Vaujany"]
[Site "?"]
[Date "2015.07.15"]
[Round "7.15"]
[White "Laza, Szabolcs"]
[Black "Yao, Stefano"]
[Result "0-1"]
[WhiteElo "2095"]
[BlackElo "2231"]
[PlyCount "80"]
[SourceDate "2015.07.09"]

1. d4 d5 2. c4 c6 3. cxd5 cxd5 4. Nc3 Nc6 5. Nf3 Nf6 6. Bf4 Bf5 7. e3 e6 8. Be2
Be7 9. O-O Nh5 10. Be5 Nf6 11. Bf4 a6 12. Rc1 Rc8 13. Qb3 Na5 14. Qa4+ Kf8 15.
Qd1 Nd7 16. Nd2 Nb6 17. Na4 g5 18. Bg3 Rxc1 19. Qxc1 Nxa4 20. Bc7 Qc8 21. Bxa5
Qxc1 22. Rxc1 Nxb2 23. Rc7 b5 24. Ra7 Nc4 25. Rxa6 Kg7 26. Nb3 Rc8 27. Nc5 Nxa5
28. Rxa5 Bxc5 29. dxc5 Rxc5 30. g4 Rc1+ 31. Kg2 Be4+ 32. f3 Bb1 33. Bxb5 Rc2+
34. Kg3 Bxa2 35. Ra7 e5 36. Ba4 Rb2 37. Rd7 Bc4 38. Bc6 Bf1 39. f4 Rg2+ 40. Kf3
e4# 0-1

[Event "Vaujany"]
[Site "?"]
[Date "2015.07.15"]
[Round "7.16"]
[White "Foisor, Sabina-Francesca"]
[Black "Saiah, Karim"]
[Result "1-0"]
[WhiteElo "2202"]
[BlackElo "1971"]
[PlyCount "93"]
[SourceDate "2015.07.09"]

1. d4 d5 2. c4 e6 3. Nc3 Nf6 4. Bg5 Be7 5. cxd5 Nxd5 6. Bxe7 Qxe7 7. e4 Nxc3 8.
bxc3 O-O 9. Nf3 c5 10. Bd3 cxd4 11. cxd4 Nc6 12. O-O Rd8 13. e5 g6 14. Bb5 Nb4
15. a3 Nd5 16. Qd2 Bd7 17. Bd3 Rdc8 18. Rfb1 Rc7 19. Ng5 Nc3 20. Re1 h6 21. Nf3
Kg7 22. h3 Rac8 23. Nh2 Nd5 24. Re4 h5 25. g4 hxg4 26. Rxg4 Rh8 27. Nf3 Rxh3
28. Ng5 Rh6 29. Kg2 Rc3 30. Be4 Bc6 31. a4 Qb4 32. Nxe6+ fxe6 33. Qxh6+ Kf7 34.
Qxg6+ Ke7 35. Qh7+ Kd8 36. Rg8+ Be8 37. Bxd5 exd5 38. Qf7 Qe7 39. Qxd5+ Kc8 40.
Rb1 Rc6 41. Qe4 Qf7 42. Qg4+ Kd8 43. Rg7 Qd5+ 44. Qf3 Qc4 45. Rbxb7 Rg6+ 46.
Rxg6 Bxg6 47. Qf8+ 1-0

[Event "Vaujany"]
[Site "?"]
[Date "2015.07.15"]
[Round "7.17"]
[White "Bandet, Rapael"]
[Black "Nastro, Federico"]
[Result "1-0"]
[WhiteElo "2165"]
[BlackElo "1941"]
[PlyCount "117"]
[SourceDate "2015.07.09"]

1. e4 e5 2. Nf3 Nc6 3. Bc4 Bc5 4. c3 Nf6 5. d3 a6 6. Bb3 Ba7 7. O-O O-O 8. Re1
d6 9. h3 Be6 10. Nbd2 Bxb3 11. Qxb3 Qd7 12. Nf1 h6 13. Ng3 Rfe8 14. Bd2 d5 15.
Qc2 Rad8 16. Rad1 dxe4 17. dxe4 Qe6 18. b3 Rd7 19. Nh4 Red8 20. Bc1 Kh8 21. Qe2
Kh7 22. Qf3 Ne7 23. Qe2 Bc5 24. Rxd7 Qxd7 25. Qc4 Qc6 26. Qxf7 Rd3 27. Ngf5
Nxf5 28. Qg6+ Kh8 29. Qxf5 Nxe4 30. Rxe4 Rd1+ 31. Kh2 Rxc1 32. Ng6+ Kg8 33.
Qc8+ Kh7 34. Rg4 Qxg6 35. Rxg6 Kxg6 36. Qxc7 Bxf2 37. Qxe5 Re1 38. Qd6+ Kh7 39.
Qd3+ Kh8 40. Qd8+ Kh7 41. Qd2 Bg1+ 42. Kg3 Re3+ 43. Kf4 Re6 44. Qd5 Rf6+ 45.
Ke4 b6 46. a3 a5 47. g4 Rf8 48. Kd3 Re8 49. h4 Re3+ 50. Kc4 Re7 51. g5 Rc7+ 52.
Kd3 hxg5 53. hxg5 Bc5 54. b4 axb4 55. axb4 Bf8 56. Qf5+ Kg8 57. Qe6+ Kh8 58. g6
Bxb4 59. Qe8+ 1-0

[Event "Vaujany"]
[Site "?"]
[Date "2015.07.16"]
[Round "8.1"]
[White "Nevednichy, Vladislav"]
[Black "Moradiabadi, Elshan"]
[Result "1/2-1/2"]
[WhiteElo "2558"]
[BlackElo "2567"]
[PlyCount "72"]
[SourceDate "2015.07.09"]

1. e4 e5 2. Nf3 Nc6 3. Bc4 Nf6 4. d3 Bc5 5. c3 a6 6. O-O Ba7 7. Bb3 d6 8. Re1
O-O 9. h3 h6 10. Nbd2 Nh5 11. Nf1 Qf6 12. Ne3 Nf4 13. Ng4 Qg6 14. Bxf4 exf4 15.
d4 Bxg4 16. hxg4 Qxg4 17. Bd5 Nd8 18. b4 c6 19. Bb3 Ne6 20. Qd3 Rad8 21. a4 Bb6
22. a5 Ba7 23. Ra2 Ng5 24. Nxg5 Qxg5 25. Rae2 Rfe8 26. Qf3 Re7 27. e5 d5 28. g3
fxg3 29. fxg3 Rf8 30. Kg2 f5 31. exf6 Rxe2+ 32. Rxe2 Qxf6 33. Qxf6 Rxf6 34. Re7
Rf7 35. Re8+ Rf8 36. Re7 Rf7 1/2-1/2

[Event "Vaujany"]
[Site "?"]
[Date "2015.07.16"]
[Round "8.2"]
[White "Cornette, Matthieu"]
[Black "Daulyte, Deimante"]
[Result "1-0"]
[WhiteElo "2582"]
[BlackElo "2369"]
[PlyCount "123"]
[SourceDate "2015.07.09"]

1. c4 Nf6 2. Nc3 e6 3. Nf3 d5 4. e3 c5 5. cxd5 exd5 6. Bb5+ Bd7 7. Bxd7+ Qxd7
8. O-O Nc6 9. b3 Be7 10. Bb2 O-O 11. Rc1 Rfd8 12. d4 cxd4 13. Nxd4 Rac8 14.
Nce2 Ne5 15. Rxc8 Rxc8 16. Ng3 Bf8 17. Ndf5 Qe6 18. Qd4 Nc6 19. Qf4 Nd8 20. Qg5
Ne4 21. Nxe4 dxe4 22. Bxg7 Qg6 23. Qf6 Qxf6 24. Bxf6 Ne6 25. Ng3 Rc2 26. Ra1
Nc5 27. Bd4 Ne6 28. Bf6 Nc5 29. h3 b6 30. Bd4 Bg7 31. Rd1 Rxa2 32. Bxc5 bxc5
33. Nxe4 Bf8 34. Rd5 Rc2 35. g4 c4 36. bxc4 Rxc4 37. Nf6+ Kg7 38. Nh5+ Kg8 39.
Ra5 Rc7 40. Rg5+ Kh8 41. Nf6 Bg7 42. Ne8 Rc1+ 43. Kg2 Bf8 44. Nf6 Bg7 45. Nh5
Bf8 46. Rb5 Rc8 47. Ra5 Ra8 48. Ra6 Bc5 49. Nf6 Rd8 50. Ra5 Bb6 51. Rh5 Kg7 52.
g5 a5 53. Rxh7+ Kg6 54. h4 a4 55. Kf3 Kf5 56. Rh6 Rd3 57. Ne4 Bc7 58. Nc5 Ra3
59. Ra6 Be5 60. Rxa4 Rc3 61. Ne4 Rc1 62. Ra6 1-0

[Event "Vaujany"]
[Site "?"]
[Date "2015.07.16"]
[Round "8.3"]
[White "Van Foreest, Lucas"]
[Black "Libiszewski, Fabien"]
[Result "0-1"]
[WhiteElo "2294"]
[BlackElo "2543"]
[PlyCount "90"]
[SourceDate "2015.07.09"]

1. e4 e6 2. d4 d5 3. Nd2 a6 4. Ngf3 Nf6 5. e5 Nfd7 6. c3 c5 7. Bd3 Nc6 8. O-O
g5 9. Nb3 h6 10. Nxc5 Nxc5 11. dxc5 Bxc5 12. b4 Bf8 13. Re1 Bg7 14. h3 Bd7 15.
a4 O-O 16. Ba3 b5 17. Qe2 Rb8 18. axb5 axb5 19. Bb2 Qb6 20. Bc2 Rfc8 21. Qd3
Kf8 22. Bc1 Qc7 23. Qh7 Nxe5 24. Nxe5 Bxe5 25. Be3 Qxc3 26. Rac1 Bg7 27. Bc5+
Rxc5 28. bxc5 Qxc5 29. Re3 Rc8 30. Rf3 Be8 31. Qg6 Qe7 32. Re1 Rc6 33. Bd3 e5
34. Qf5 Bd7 35. Qh7 e4 36. Rfe3 Rf6 37. Ra1 Qd8 38. Bxe4 dxe4 39. Rd1 Re6 40.
Rxe4 Qe7 41. Rxe6 Bxe6 42. Qe4 Bc3 43. Qh7 Qf6 44. Qd3 b4 45. Qd6+ Kg7 0-1

[Event "Vaujany"]
[Site "?"]
[Date "2015.07.16"]
[Round "8.5"]
[White "Filip, Lucian"]
[Black "Gavrilov, Alexei"]
[Result "0-1"]
[WhiteElo "2419"]
[BlackElo "2411"]
[PlyCount "82"]
[SourceDate "2015.07.09"]

1. Nf3 d5 2. d4 Nf6 3. c4 c6 4. Nc3 dxc4 5. a4 e6 6. e4 Bb4 7. e5 Nd5 8. Bd2 b5
9. axb5 Bxc3 10. bxc3 cxb5 11. Ng5 Nd7 12. Qh5 Qe7 13. Be2 Bb7 14. Bf3 a6 15.
O-O h6 16. Ne4 O-O 17. Rfe1 Bc6 18. Qg4 f5 19. exf6 N5xf6 20. Qh3 Bd5 21. Nxf6+
Qxf6 22. Bxd5 Qxf2+ 23. Kh1 exd5 24. Bxh6 Rae8 25. Be3 Qf5 26. Qxf5 Rxf5 27.
Kg1 Rf6 28. Bg5 Rfe6 29. Rxe6 Rxe6 30. Kf2 Kf7 31. g4 Nf6 32. Bxf6 Rxf6+ 33.
Kg3 g5 34. h4 gxh4+ 35. Kxh4 Rf3 36. Rxa6 Rxc3 37. Ra7+ Ke6 38. Ra6+ Ke7 39.
Ra7+ Kd6 40. Ra6+ Kc7 41. g5 Rc1 0-1

[Event "Vaujany"]
[Site "?"]
[Date "2015.07.16"]
[Round "8.6"]
[White "Van Foreest, Jorden"]
[Black "Olivier, Jean-Christophe"]
[Result "1-0"]
[WhiteElo "2514"]
[BlackElo "2348"]
[PlyCount "73"]
[SourceDate "2015.07.09"]

1. e4 e5 2. Nf3 Nc6 3. d4 exd4 4. Nxd4 Bb4+ 5. c3 Bc5 6. Be3 Bb6 7. Nf5 Bxe3 8.
Nxe3 Nge7 9. Bc4 O-O 10. O-O Kh8 11. f4 f5 12. exf5 Nxf5 13. Nxf5 Rxf5 14. Bd3
Rf6 15. Qc2 d5 16. Bxh7 Qd6 17. Bd3 Rxf4 18. Na3 Bd7 19. Qe2 Bg4 20. Qe3 Raf8
21. Rxf4 Qxf4 22. Qxf4 Rxf4 23. Re1 g5 24. Nb5 d4 25. cxd4 Nb4 26. Be4 c6 27.
Nc3 Rf7 28. a3 Na6 29. d5 Bd7 30. dxc6 bxc6 31. Bc2 g4 32. Re5 Nc7 33. Bb3 Rg7
34. Ne4 Kh7 35. Kf2 Kh6 36. Kg3 Rg6 37. Bf7 1-0

[Event "Vaujany"]
[Site "?"]
[Date "2015.07.16"]
[Round "8.7"]
[White "Poulet, Pierre-Emmanuel"]
[Black "Foisor, Cristina-Adela"]
[Result "1-0"]
[WhiteElo "2299"]
[BlackElo "2366"]
[PlyCount "147"]
[SourceDate "2015.07.09"]

1. e4 e5 2. Nf3 Nc6 3. Bb5 a6 4. Ba4 Nf6 5. O-O Be7 6. Re1 b5 7. Bb3 d6 8. c3
O-O 9. h3 Na5 10. Bc2 c5 11. d4 Qc7 12. Nbd2 Nc6 13. d5 Nd8 14. a4 Rb8 15. b3
Ne8 16. Nf1 g6 17. g4 Ng7 18. Bh6 f6 19. Ng3 Nf7 20. Be3 Bd7 21. Kh2 Ra8 22.
Qe2 Rfb8 23. Rec1 Qc8 24. Bd3 Qb7 25. Nd2 Bd8 26. Rc2 Ne8 27. Qd1 Qc8 28. Rca2
Nc7 29. Qe2 Be7 30. Bc2 Bf8 31. Rg1 Bh6 32. Qf3 Bxe3 33. fxe3 Ne8 34. a5 Qd8
35. Bd1 Ra7 36. Ndf1 Bc8 37. Kh1 b4 38. c4 Ng5 39. Qg2 Rg7 40. h4 Nf7 41. Qh2
Nh6 42. Qh3 Rbb7 43. Nh2 Kh8 44. Qf1 Rbf7 45. Nf5 gxf5 46. exf5 e4 47. Qf4 Ng8
48. Qxe4 h5 49. Qf4 hxg4 50. Bxg4 Rh7 51. Nf3 Nh6 52. Bh5 Nxf5 53. Bxf7 Rxf7
54. Rag2 Rg7 55. e4 Rxg2 56. Rxg2 Nfg7 57. h5 Qd7 58. Rg3 Kh7 59. Qh4 Qf7 60.
Rg6 Qd7 61. h6 Qf7 62. Rg5 Nh5 63. Rxh5 Qg6 64. Ng5+ fxg5 65. Rxg5 Qf6 66. Rg7+
Kh8 67. Qxf6 Nxf6 68. Rf7 Nxe4 69. Rf8+ Kh7 70. Rxc8 Nd2 71. Rc6 Nxb3 72. Rxa6
Nd2 73. Ra7+ Kxh6 74. Rb7 1-0

[Event "Vaujany"]
[Site "?"]
[Date "2015.07.16"]
[Round "8.8"]
[White "Gazik, Viktor"]
[Black "Navrotescu, Andreea-Cristiana"]
[Result "1-0"]
[WhiteElo "2434"]
[BlackElo "2247"]
[PlyCount "75"]
[SourceDate "2015.07.09"]

1. e4 c5 2. b3 b6 3. Bb2 Bb7 4. d3 d6 5. f4 Nc6 6. Nf3 Qc7 7. Nbd2 e5 8. g3 g6
9. Bg2 Bg7 10. O-O Nge7 11. Nh4 O-O 12. Nc4 exf4 13. Bxg7 Kxg7 14. Rxf4 Ne5 15.
Qe2 b5 16. Ne3 b4 17. Raf1 N7c6 18. Qd2 Nd4 19. Rf6 Kh8 20. Nc4 Ng4 21. Rxd6
Nb5 22. Qf4 g5 23. Qxg4 Nxd6 24. Qxg5 Ne8 25. Bh3 f6 26. Qh6 Rg8 27. Be6 Qg7
28. Qh5 Qg5 29. Qf7 Ng7 30. Nd6 Nxe6 31. Qxe6 Bc8 32. Nf7+ Kg7 33. Nxg5 Bxe6
34. Nxe6+ Kf7 35. Nxc5 Rac8 36. d4 Rgd8 37. Nf5 Rc6 38. Kf2 1-0

[Event "Vaujany"]
[Site "?"]
[Date "2015.07.16"]
[Round "8.9"]
[White "Gazik, Igor"]
[Black "Brunner, Nicolas"]
[Result "0-1"]
[WhiteElo "2327"]
[BlackElo "2425"]
[PlyCount "76"]
[SourceDate "2015.07.09"]

1. e4 c5 2. Nc3 a6 3. g3 b5 4. Bg2 Bb7 5. d3 e6 6. Nf3 d6 7. O-O Nc6 8. Re1 Qc7
9. d4 cxd4 10. Nxd4 Nxd4 11. Qxd4 Ne7 12. Bg5 Nc6 13. Nd5 exd5 14. exd5+ Ne5
15. f4 f6 16. fxe5 dxe5 17. Qf2 Bd6 18. Be3 O-O 19. Bb6 Qe7 20. c3 f5 21. a4 e4
22. Qd4 Be5 23. Qc5 Qxc5+ 24. Bxc5 Rfc8 25. Ba3 Bxd5 26. g4 g6 27. gxf5 gxf5
28. Rad1 Bb3 29. Rd7 Be6 30. Rb7 bxa4 31. Rd1 Rd8 32. Rxd8+ Rxd8 33. Bxe4 fxe4
34. Re7 e3 35. Rxe6 Rd1+ 36. Kg2 e2 37. Rxe5 e1=Q 38. Rxe1 Rxe1 0-1

[Event "Vaujany"]
[Site "?"]
[Date "2015.07.16"]
[Round "8.10"]
[White "Dumitrache, Dragos-Nicolae"]
[Black "Foisor, Sabina-Francesca"]
[Result "1/2-1/2"]
[WhiteElo "2423"]
[BlackElo "2202"]
[PlyCount "86"]
[SourceDate "2015.07.09"]

1. d4 Nf6 2. Nf3 e6 3. c4 d5 4. Bg5 Be7 5. Nc3 O-O 6. e3 Nbd7 7. cxd5 Nxd5 8.
Bxe7 Qxe7 9. Rc1 Nxc3 10. Rxc3 c6 11. Be2 e5 12. O-O exd4 13. Nxd4 Nf6 14. Bf3
Bd7 15. Qc2 Bg4 16. Bxg4 Nxg4 17. Nf5 Qc7 18. Ng3 Rad8 19. Rd1 Ne5 20. f4 Ng4
21. h3 Nf6 22. Rcd3 Rxd3 23. Rxd3 Re8 24. Qc5 b6 25. Qc3 h5 26. Nf5 c5 27. Nd6
Re6 28. Qd2 a6 29. a4 Qc6 30. Qd1 c4 31. Rd4 c3 32. bxc3 Qxc3 33. Nf5 g6 34.
Rd3 Qc5 35. Nd4 Re4 36. Kh2 Kh7 37. Qb3 Kg7 38. Rc3 Qd6 39. Rc6 Qd8 40. Rxb6
Ng4+ 41. hxg4 Qh4+ 42. Kg1 Qe1+ 43. Kh2 Qh4+ 1/2-1/2